Willis's elements of quantity surveying (Record no. 115392)

MARC details
000 -LEADER
fixed length control field 00673cam a22002175a 4500
001 - CONTROL NUMBER
control field L158573
008 - FIXED-LENGTH DATA ELEMENTS--GENERAL INFORMATION
fixed length control field 150506s2014 xxk f 000 0 eng d
020 ## - INTERNATIONAL STANDARD BOOK NUMBER
International Standard Book Number 9781118499207
035 ## - SYSTEM CONTROL NUMBER
System control number (Sirsi) u158573
041 0# - LANGUAGE CODE
Language code of text/sound track or separate title eng
050 04 - LIBRARY OF CONGRESS CALL NUMBER
Classification number 692.5
100 1# - MAIN ENTRY--PERSONAL NAME
Personal name Lee, Sandra
245 00 - TITLE STATEMENT
Title Willis's elements of quantity surveying
260 ## - PUBLICATION, DISTRIBUTION, ETC.
Place of publication, distribution, etc. Oxon
Name of publisher, distributor, etc. Wiley Blackwell
Date of publication, distribution, etc. 2014
520 ## - SUMMARY, ETC.
Summary, etc. An overview of the need for measurement and the differing rules governing measurement at the various stages of the design cycle.
521 ## - TARGET AUDIENCE NOTE
Target audience note Advanced
651 #4 - SUBJECT ADDED ENTRY--GEOGRAPHIC NAME
Geographic name ENGLAND AND WALES
690 ## - LOCAL SUBJECT ADDED ENTRY--TOPICAL TERM (OCLC, RLIN)
Topical term or geographic name as entry element QUANTITY SURVEYING
9 (RLIN) 6263
700 1# - ADDED ENTRY--PERSONAL NAME
Personal name Trench, William; Willis, Andrew
942 ## - ADDED ENTRY ELEMENTS (KOHA)
Suppress in OPAC 0
Holdings
Withdrawn status Lost status Source of classification or shelving scheme Damaged status Not for loan Home library Current library Shelving location Date acquired Total Checkouts Full call number Barcode Date last seen Date last checked out Copy number Price effective from Koha item type
    Dewey Decimal Classification     London London Books 06/05/2015 2 692.5 LEE 30079008 06/08/2019 13/10/2015 1 06/08/2019 Book